Power and choice : (Record no. 12791)

000 -LEADER
fixed length control field 00460pam a2200169 a 4500
020 ## - INTERNATIONAL STANDARD BOOK NUMBER
ISBN 0070571872
040 ## - CATALOGING SOURCE
Transcribing agency DLC
082 ## - DEWEY DECIMAL CLASSIFICATION NUMBER
Classification number 327 MCG 1997 A020 Or.
100 1# - MAIN ENTRY--AUTHOR NAME
Personal name Shively, W. Phillips,
245 10 - TITLE STATEMENT
Title Power and choice :
Remainder of title an introduction to political science /
246 14 - VARYING FORM OF TITLE
Title proper/short title Power & choice
250 ## - EDITION STATEMENT
Edition statement 5th ed
260 ## - PUBLICATION, DISTRIBUTION, ETC. (IMPRINT)
Place of publication New York :
Name of publisher McGraw-Hill,
Year of publication c1997
300 ## - PHYSICAL DESCRIPTION
Number of Pages xvii, 377 p. :
Other physical details ill., maps ;
Dimensions 24 cm
650 #0 - SUBJECT ADDED ENTRY--TOPICAL TERM
Topical Term Political science
942 ## - ADDED ENTRY ELEMENTS (KOHA)
Koha item type សៀវភៅភាសាអង់គ្លេស
952 ## - LOCATION AND ITEM INFORMATION (KOHA)
Withdrawn status [LOCAL, KOHA] 0
952 ## - LOCATION AND ITEM INFORMATION (KOHA)
Withdrawn status [LOCAL, KOHA] 0
952 ## - LOCATION AND ITEM INFORMATION (KOHA)
Withdrawn status [LOCAL, KOHA] 0
Holdings
Permanent Location Date acquired Koha item type Lost status Shelving location Barcode Current Location Full call number
Library Block A2017-08-17សៀវភៅភាសាអង់គ្លេស A020A15708Library Block A327 MCG 1997 A020 Or.
Library Block A2017-08-17សៀវភៅភាសាអង់គ្លេស A020A18419Library Block A327 MCG 1997 A020 Or.
Library Block A2017-08-17សៀវភៅភាសាអង់គ្លេស A020A16754Library Block A327 MCG 1997 A020 Or.
មជ្ឈមណ្ឌលឯការនៃសាកលវិទ្យាល័យភូមិន្ទកសិកម្មចំការដូង

Powered by Koha